000 00355nam a2200133Ia 4500
008 240624s9999 xx 000 0 und d
041 _aeng
082 _a658.041082 ROU
100 _aROUDA KAIRA STURDIVANT
245 _aREAL YOU INCORPORATED 8 ESSENTIALS FOR W
260 _c2008
_aNew Jersey
_bJohn Wiley and Sons
300 _a243 : p.
365 _c
_b30
999 _c13434
_d13434